000 00620nam a2200217Ia 4500
001 12677
003 GE_BSU
008 181216s||||||||xx |||||||||||||| ||und||
040 _cGE_BSU
080 _a631.6(035)
100 _aАнисимов,В.А. Губер,К.В. Зюликов,Г.М.
245 _aСправочник мелиоратора
245 _cСост.Б.С.Маслов
260 _aМосква
260 _bРоссельхозиздат
260 _c1976
300 _a235стр.22см.
300 _eТаблицы
653 _aСправочник мелиоратора
942 _cBK
999 _c45848
_d45848